[Event "6th Porticcio Open 2019"]
[Site "Porticcio"]
[Date "2019.07.06"]
[Round "9.2"]
[White "Onischuk, Vladimir"]
[Black "Sadhwani, Raunak"]
[Result "1/2-1/2"]
[WhiteElo "2630"]
[BlackElo "2482"]
[Annotator "RC"]
[PlyCount "100"]
[EventDate "2019.06.23"]
[EventType "swiss"]
[EventCountry "FRA"]
[SourceTitle "playchess.com"]
[Source "ChessBase"]
[SourceQuality "1"]
[TimeControl "5400+30"]

1. e4 {[%emt 0:01:23]} e5 {[%emt 0:00:00]} 2. Bc4 {[%emt 0:00:17]} Nf6 {[%emt 0:00:00]} 3. d3 {[%emt 0:00:05]} c6 {[%emt 0:00:00]} 4. Nf3 {[%emt 0:00:19]} d5 {[%emt 0:00:00]} 5. Bb3 {[%emt 0:00:11]} Bb4+ {[%emt 0:00:00]} 6. Bd2 {[%emt 0:01:43]} Bxd2+ {[%emt 0:00:00]} 7. Nbxd2 {[%emt 0:00:09]} a5 {[%emt 0:01:24]} 8. a4 {[%emt 0:09:33]} Nbd7 {[%emt 0:01:03]} 9. O-O {[%emt 0:01:53]} O-O {[%emt 0:00:27]} 10. Re1 {[%emt 0:05:49]} Re8 {[%emt 0:00:32]} 11. exd5 {[%emt 0:02:15]} cxd5 {[%emt 0:00:13]} 12. Nf1 {[%emt 0:00:35]} Qc7 {[%emt 0:01:35]} 13. Ne3 {[%emt 0:11:58]} Nb6 {[%emt 0:00:04]} 14. d4 {[%emt 0:01:00]} e4 {[%emt 0:01:51]} 15. Ne5 {[%emt 0:03:11]} Be6 {[%emt 0:00:14]} 16. f4 {[%emt 0:02:06]} exf3 {[%emt 0:00:42]} 17. Qxf3 {[%emt 0:00:07]} Nbd7 {[%emt 0:00:56]} 18. Nxd7 {[%emt 0:11:25]} Qxd7 {[%emt 0:00:42]} 19. c3 {[%emt 0:00:20]} Qd6 {[%emt 0:04:25]} 20. Re2 {[%emt 0:04:20]} Re7 {[%emt 0:01:17]} 21. Rae1 {[%emt 0:02:02]} Rae8 {[%emt 0:00:33]} 22. h3 {[%emt 0:00:12]} Kf8 {[%emt 0:02:59]} 23. Nd1 {[%emt 0:07:32]} Ne4 {[%emt 0:12:52]} 24. Bc2 {[%emt 0:03:40]} Nf6 {[%emt 0:00:14]} 25. Nf2 {[%emt 0:09:15]} Bd7 {[%emt 0:00:20]} 26. Rxe7 {[%emt 0:04:11]} Rxe7 {[%emt 0:00:10]} 27. Rxe7 {[%emt 0:03:01]} Qxe7 {[%emt 0:00:08]} 28. Nd3 {[%emt 0:00:28]} Qe8 {[%emt 0:00:11]} 29. b3 {[%emt 0:06:26]} Qe4 {[%emt 0:02:57]} 30. Qf2 {[%emt 0:01:06]} Qe7 {[%emt 0:00:29]} 31. Ne5 {[%emt 0:02:18]} Be6 {[%emt 0:00:14]} 32. c4 {[%emt 0:03:17]} Qb4 {[%emt 0:00:27]} 33. c5 {[%emt 0:01:02]} Qc3 {[%emt 0:00:21]} 34. Nf3 {[%emt 0:00:42]} Ne4 {[%emt 0:02:44]} 35. Qe2 {[%emt 0:00:41]} Bf5 {[%emt 0:00:48]} 36. Kh2 {[%emt 0:00:08]} h5 {[%emt 0:02:55]} 37. Bd3 {[%emt 0:01:31]} Qxb3 {[%emt 0:03:20]} 38. Ne5 {[%emt 0:00:04]} g6 {[%emt 0:00:24]} 39. g4 {[%emt 0:00:09]} hxg4 {[%emt 0:00:10]} 40. hxg4 {[%emt 0:00:02]} Be6 {[%emt 0:00:11]} 41. Bxe4 {[%emt 0:00:26]} dxe4 {[%emt 0:00:16]} 42. Qxe4 {[%emt 0:00:09]} Qxa4 {[%emt 0:03:22]} 43. Nxg6+ {[%emt 0:01:59]} fxg6 {[%emt 0:00:10]} 44. Qxe6 {[%emt 0:00:04]} Qxd4 {[%emt 0:00:40]} 45. Qc8+ {[%emt 0:00:06]} Kg7 {[%emt 0:00:06]} 46. Qxb7+ {[%emt 0:00:12]} Kh6 {[%emt 0:00:05]} 47. c6 {[%emt 0:02:00]} Qf2+ {[%emt 0:00:05]} 48. Kh3 {[%emt 0:00:05]} Qf3+ {[%emt 0:00:03]} 49. Kh2 {[%emt 0:00:03]} Qf2+ {[%emt 0:00:03]} 50. Kh3 {[%emt 0:00:03]} Qf3+ {[%emt 0:00:03]} 1/2-1/2

[Event "6th Porticcio Open 2019"]
[Site "Porticcio"]
[Date "2019.07.06"]
[Round "9.3"]
[White "Krasenkow, Michal"]
[Black "Donchenko, Alexander"]
[Result "1-0"]
[WhiteElo "2620"]
[BlackElo "2618"]
[Annotator "RC"]
[PlyCount "87"]
[EventDate "2019.06.23"]
[EventType "swiss"]
[EventCountry "FRA"]
[SourceTitle "playchess.com"]
[Source "ChessBase"]
[SourceQuality "1"]
[TimeControl "5400+30"]

1. Nf3 {[%emt 0:00:00]} d5 {[%emt 0:00:06]} 2. d4 {[%emt 0:00:00]} Nf6 {[%emt 0:00:06]} 3. c4 {[%emt 0:00:00]} e6 {[%emt 0:00:06]} 4. g3 {[%emt 0:00:00]} Bb4+ {[%emt 0:00:54]} 5. Bd2 {[%emt 0:00:00]} Be7 {[%emt 0:02:16]} 6. Bg2 {[%emt 0:00:11]} O-O {[%emt 0:00:06]} 7. O-O {[%emt 0:00:03]} Nbd7 {[%emt 0:00:47]} 8. Qb3 {[%emt 0:03:07]} c6 {[%emt 0:02:15]} 9. Bg5 {[%emt 0:00:08]} b6 {[%emt 0:03:05]} 10. Rd1 {[%emt 0:00:09]} Bb7 {[%emt 0:04:06]} 11. Nc3 {[%emt 0:00:25]} Rc8 {[%emt 0:04:22]} 12. Rac1 {[%emt 0:04:52]} h6 {[%emt 0:11:27]} 13. Bxf6 {[%emt 0:01:17]} Nxf6 {[%emt 0:00:07]} 14. Ne5 {[%emt 0:00:13]} Nd7 {[%emt 0:14:36]} 15. Nxd7 {[%emt 0:02:19]} Qxd7 {[%emt 0:00:02]} 16. e4 {[%emt 0:00:10]} dxc4 {[%emt 0:01:57]} 17. Qxc4 {[%emt 0:01:06]} c5 {[%emt 0:02:06]} 18. d5 {[%emt 0:02:37]} Bf6 {[%emt 0:01:52]} 19. e5 {[%emt 0:04:47]} Bxe5 {[%emt 0:05:12]} 20. dxe6 {[%emt 0:00:48]} Qe7 {[%emt 0:00:01]} 21. Rd7 {[%emt 0:04:27]} Qg5 {[%emt 0:00:07]} 22. exf7+ {[%emt 0:01:53]} Kh8 {[%emt 0:00:02]} 23. f4 {[%emt 0:01:54]} Bd4+ {[%emt 0:00:34]} 24. Qxd4 {[%emt 0:03:07]} cxd4 {[%emt 0:01:17]} 25. fxg5 {[%emt 0:00:07]} Bxg2 {[%emt 0:00:12]} 26. Kxg2 {[%emt 0:01:03]} dxc3 {[%emt 0:00:05]} 27. Rxc3 {[%emt 0:00:49]} Rxc3 {[%emt 0:00:19]} 28. bxc3 {[%emt 0:00:39]} hxg5 {[%emt 0:00:05]} 29. Rxa7 {[%emt 0:01:09]} g6 {[%emt 0:00:06]} 30. Rb7 {[%emt 0:02:18]} Kg7 {[%emt 0:00:06]} 31. Rxb6 {[%emt 0:00:10]} Rxf7 {[%emt 0:00:58]} 32. a4 {[%emt 0:00:40]} Ra7 {[%emt 0:00:45]} 33. Rb4 {[%emt 0:00:40]} Kf6 {[%emt 0:00:15]} 34. Kf3 {[%emt 0:00:41]} Rh7 {[%emt 0:00:09]} 35. a5 {[%emt 0:00:58]} Rxh2 {[%emt 0:00:06]} 36. Ra4 {[%emt 0:00:13]} Rc2 {[%emt 0:00:57]} 37. a6 {[%emt 0:02:12]} Rxc3+ {[%emt 0:00:03]} 38. Kg4 {[%emt 0:00:06]} Rc8 {[%emt 0:00:21]} 39. a7 {[%emt 0:00:05]} Ra8 {[%emt 0:00:04]} 40. Ra6+ {[%emt 0:00:05]} Kg7 {[%emt 0:01:06]} 41. Kxg5 {[%emt 0:00:05]} Kh7 {[%emt 0:00:09]} 42. g4 {[%emt 0:00:05]} Kh8 {[%emt 0:00:54]} 43. Kxg6 {[%emt 0:00:11]} Rg8+ {[%emt 0:00:10]} 44. Kf7 {[%emt 0:00:24]} 1-0

[Event "6th Porticcio Open 2019"]
[Site "Porticcio"]
[Date "2019.07.06"]
[Round "9.4"]
[White "Vocaturo, Daniele"]
[Black "Boyer, Mahel"]
[Result "1-0"]
[WhiteElo "2612"]
[BlackElo "2295"]
[Annotator "RC"]
[PlyCount "71"]
[EventDate "2019.06.23"]
[EventType "swiss"]
[EventCountry "FRA"]
[SourceTitle "playchess.com"]
[Source "ChessBase"]
[SourceQuality "1"]
[TimeControl "5400+30"]

1. e4 {[%emt 0:00:00]} e6 {[%emt 0:00:06]} 2. d4 {[%emt 0:00:18]} d5 {[%emt 0:00:03]} 3. Nc3 {[%emt 0:00:59]} Nf6 {[%emt 0:00:04]} 4. e5 {[%emt 0:00:59]} Nfd7 {[%emt 0:00:04]} 5. f4 {[%emt 0:00:15]} c5 {[%emt 0:00:04]} 6. Nf3 {[%emt 0:00:10]} Nc6 {[%emt 0:00:09]} 7. Be3 {[%emt 0:00:19]} Be7 {[%emt 0:00:03]} 8. Qd2 {[%emt 0:00:31]} O-O {[%emt 0:00:16]} 9. h4 {[%emt 0:03:22]} cxd4 {[%emt 0:09:08]} 10. Nxd4 {[%emt 0:00:33]} Bxh4+ {[%emt 0:00:56]} 11. Kd1 {[%emt 0:01:52]} Nxd4 {[%emt 0:04:39]} 12. Bxd4 {[%emt 0:01:34]} f5 {[%emt 0:04:05]} 13. Bd3 {[%emt 0:05:56]} Be7 {[%emt 0:17:57]} 14. g4 {[%emt 0:01:32]} Nc5 {[%emt 0:00:33]} 15. Qh2 {[%emt 0:03:15]} h6 {[%emt 0:00:15]} 16. Ke2 {[%emt 0:12:30]} Nxd3 {[%emt 0:07:18]} 17. cxd3 {[%emt 0:00:35]} Kh7 18. Rag1 b6 {[%emt 0:24:46]} 19. gxf5 {[%emt 0:05:28]} Rxf5 {[%emt 0:01:10]} 20. Qg3 {[%emt 0:05:05]} Qf8 {[%emt 0:01:02]} 21. Qg6+ {[%emt 0:06:11]} Kh8 {[%emt 0:00:46]} 22. Nxd5 {[%emt 0:05:45]} exd5 {[%emt 0:08:06]} 23. e6 {[%emt 0:05:10]} Rf6 {[%emt 0:00:08]} 24. Bxf6 {[%emt 0:10:08]} Bxf6 {[%emt 0:00:04]} 25. Rh2 {[%emt 0:00:55]} Bxe6 {[%emt 0:01:10]} 26. Rgh1 {[%emt 0:00:23]} Bh3 {[%emt 0:03:17]} 27. Rxh3 {[%emt 0:01:19]} Qe8+ {[%emt 0:00:21]} 28. Qxe8+ {[%emt 0:00:09]} Rxe8+ {[%emt 0:00:01]} 29. Re3 {[%emt 0:00:31]} Rc8 {[%emt 0:01:21]} 30. Kf3 {[%emt 0:04:30]} Bxb2 {[%emt 0:01:38]} 31. Rh5 {[%emt 0:00:10]} Rc5 {[%emt 0:00:40]} 32. Re8+ {[%emt 0:00:13]} Kh7 {[%emt 0:00:04]} 33. Rd8 {[%emt 0:00:07]} Ra5 {[%emt 0:00:13]} 34. Rdxd5 {[%emt 0:00:26]} Rxa2 {[%emt 0:00:05]} 35. Rh2 {[%emt 0:00:16]} a6 {[%emt 0:00:28]} 36. Rc2 {[%emt 0:02:12]} 1-0

[Event "6th Porticcio Open 2019"]
[Site "Porticcio"]
[Date "2019.07.06"]
[Round "9.5"]
[White "Rakotomaharo, Fy Antenaina"]
[Black "Fedorchuk, Sergey A."]
[Result "0-1"]
[WhiteElo "2419"]
[BlackElo "2631"]
[Annotator "TA"]
[PlyCount "74"]
[EventDate "2019.06.23"]
[EventType "swiss"]
[EventCountry "FRA"]
[SourceTitle "playchess.com"]
[Source "ChessBase"]
[SourceQuality "1"]

{[%evp 16,84,6,0,0,0,0,0,-5,-5,-10,-11,-12,-16,0,-27,0,3,-3,-22,-19,-15,0,0,34,0,0,5,0,0,0,0,18,-6,0,0,31,-20,15,0,0,0,0,-31,-34,-21,-18,-37,-49,-25,-23,-235,-223,-454,-454,-452,-433,-385,-385,-495,-492,-589,-584,-677,-677,-727,-677,-661,-656,-29967,-717]} 1. d4 Nf6 2. c4 e6 3. Nc3 Bb4 4. e3 O-O 5. Nge2 d5 6. a3 Be7 7. cxd5 exd5 8. Nf4 c6 9. Bd3 Na6 {E46: Nimzo-Indian: Rubinstein: 4 e3 0-0 5 Ne2 without early Bd3} 10. O-O Nc7 11. b4 (11. f3 b6 12. Bc2 c5 13. Kh1 Bb7 14. g4 Bd6 15. g5 Nd7 16. dxc5 Nxc5 17. b4 Bxf4 18. exf4 {0-1 (30) Korobov,A (2687)-Cheparinov,I (2667) Hengshui 2019}) 11... Re8 {The position is equal.} 12. f3 a5 13. bxa5 $146 ({Predecessor:} 13. Rb1 axb4 14. axb4 Ne6 15. Nfe2 b6 16. Kh1 c5 17. bxc5 bxc5 {½-½ (17) Rakotomaharo,F (2429)-Sadzikowski,D (2516) Germany 2019}) 13... Rxa5 14. Bc2 c5 15. Kh1 b5 16. dxc5 $1 Bxc5 17. e4 {[%cal Rf4d5]} b4 18. Na4 $1 {[%cal Ra4c5]} Bd6 (18... Ba6 {looks sharper.} 19. Nxc5 Rxc5 20. Re1 dxe4 21. fxe4 Qxd1 22. Bxd1 bxa3 23. Bxa3 Rc4) 19. axb4 Bxb4 {[%cal Rd5e4]} 20. e5 (20. Bd2 $5 {[%cal Rd2b4]} Bxd2 21. Qxd2 $11) 20... Nd7 (20... Rxe5 $6 21. Nd3 $16) 21. Qd4 Bf8 22. Bd2 Ra6 23. Rfe1 ({Much worse is} 23. Nxd5 Nxe5 24. Nac3 (24. Qe4 $2 Ng6 $19) 24... Nxd5 $17) (23. Qd3 Rh6 $17) 23... Rc6 24. Rac1 Bb7 25. Ba5 Qc8 26. Nc3 (26. Bc3 $14) 26... g6 {Threatens to win with ...Rc4.} (26... Rc4 $5 {[%cal Rc4d4]} 27. Qd2 (27. Qd3 g6 $11) 27... Rxe5 $11) 27. Ba4 ({Don't blunder} 27. Ncxd5 $2 Nxd5 28. Qxd5 Bh6 $19) 27... Rc4 28. Qd2 {[#] Bxc7 is the strong threat.} Bh6 29. Bxd7 Qxd7 30. Ne4 $1 {[%cal Re4f6]} Rxe4 31. fxe4 Ne6 $1 32. g3 d4 {aiming for ...f5.} 33. Rcd1 $2 (33. Qd3 $1 $11 Nxf4 34. gxf4) 33... Nxf4 {[%mdl 64] Discovered Attack} 34. gxf4 $2 {[#]} (34. Qxd4 Qxd4 35. Rxd4) 34... Rxe5 $3 $19 {[%mdl 576] Pin} 35. Qxd4 (35. fxe5 Bxd2) 35... Qxd4 36. Rxd4 Rxa5 37. Rb1 Ra7 {Played: Bb7-c6} 0-1

[Event "6th Porticcio Open 2019"]
[Site "Porticcio"]
[Date "2019.07.06"]
[Round "9.6"]
[White "Sanchez, Louis"]
[Black "Zhigalko, Sergei"]
[Result "1-0"]
[WhiteElo "2316"]
[BlackElo "2594"]
[Annotator "ChessBase"]
[PlyCount "92"]
[EventDate "2019.06.23"]
[EventType "swiss"]
[EventCountry "FRA"]
[SourceTitle "playchess.com"]
[Source "ChessBase"]
[SourceQuality "1"]
[TimeControl "5400+30"]

1. Nf3 {[%emt 0:00:00]} Nf6 {[%emt 0:02:04]} 2. g3 {[%emt 0:00:00]} d5 {[%emt 0:00:11]} 3. Bg2 {[%emt 0:00:08]} c6 {[%emt 0:00:04]} 4. O-O {[%emt 0:01:04]} Bg4 {[%emt 0:00:05]} 5. c4 {[%emt 0:00:48]} e6 {[%emt 0:00:18]} 6. cxd5 {[%emt 0:00:39]} exd5 {[%emt 0:06:00]} 7. Qb3 {[%emt 0:01:22]} Qb6 {[%emt 0:00:36]} 8. Qc2 {[%emt 0:00:24]} Nbd7 {[%emt 0:14:58]} 9. d3 {[%emt 0:01:32]} Be7 {[%emt 0:04:01]} 10. Nc3 {[%emt 0:00:45]} O-O {[%emt 0:04:04]} 11. e4 {[%emt 0:00:54]} Rfe8 {[%emt 0:06:44]} 12. Be3 {[%emt 0:02:24]} Qa6 {[%emt 0:00:36]} 13. h3 {[%emt 0:03:51]} Bxf3 {[%emt 0:18:07]} 14. Bxf3 {[%emt 0:00:23]} dxe4 {[%emt 0:05:39]} 15. dxe4 {[%emt 0:00:22]} Bc5 {[%emt 0:00:03]} 16. Bf4 {[%emt 0:08:37]} Ne5 {[%emt 0:03:59]} 17. Be2 {[%emt 0:02:14]} Qa5 {[%emt 0:00:56]} 18. Rad1 {[%emt 0:05:52]} Ng6 {[%emt 0:10:16]} 19. Bc1 {[%emt 0:13:21]} Re7 {[%emt 0:01:18]} 20. a3 {[%emt 0:11:54]} Qc7 {[%emt 0:00:21]} 21. Kg2 {[%emt 0:00:09]} Nd7 {[%emt 0:07:11]} 22. f4 {[%emt 0:01:55]} f6 {[%emt 0:00:02]} 23. Na4 {[%emt 0:06:20]} Bb6 {[%emt 0:00:14]} 24. Bd2 {[%emt 0:06:39]} Rae8 {[%emt 0:01:26]} 25. Bf3 {[%emt 0:01:37]} Ba5 {[%emt 0:02:28]} 26. b4 {[%emt 0:06:27]} Bb6 {[%emt 0:00:01]} 27. Nxb6 {[%emt 0:00:42]} axb6 {[%emt 0:01:47]} 28. a4 {[%emt 0:00:18]} Ngf8 {[%emt 0:00:03]} 29. Be3 {[%emt 0:03:11]} Ne6 {[%emt 0:00:14]} 30. Rd3 {[%emt 0:02:29]} Kh8 {[%emt 0:00:59]} 31. h4 {[%emt 0:01:23]} Nb8 {[%emt 0:04:33]} 32. Rfd1 {[%emt 0:01:40]} Na6 {[%emt 0:00:06]} 33. Qd2 {[%emt 0:01:37]} c5 {[%emt 0:03:07]} 34. b5 {[%emt 0:01:03]} Nb8 {[%emt 0:02:07]} 35. Rd5 {[%emt 0:01:44]} Nf8 {[%emt 0:01:32]} 36. h5 {[%emt 0:01:56]} Nbd7 {[%emt 0:00:31]} 37. Rd6 {[%emt 0:03:33]} c4 {[%emt 0:01:17]} 38. Qc3 {[%emt 0:02:49]} Ra8 {[%emt 0:00:02]} 39. Qc2 {[%emt 0:02:39]} Ne6 {[%emt 0:00:56]} 40. R1d5 {[%emt 0:01:36]} Nec5 {[%emt 0:00:20]} 41. Bxc5 {[%emt 0:01:20]} Nxc5 {[%emt 0:00:01]} 42. Qxc4 {[%emt 0:00:18]} Ree8 {[%emt 0:00:02]} 43. h6 {[%emt 0:01:44]} Rxa4 {[%emt 0:01:01]} 44. Qc2 {[%emt 0:00:50]} Rea8 {[%emt 0:01:08]} 45. Kh3 {[%emt 0:01:18]} gxh6 {[%emt 0:00:30]} 46. Qc3 {[%emt 0:00:35]} Qe7 1-0

[Event "6th Porticcio Open 2019"]
[Site "Porticcio"]
[Date "2019.07.06"]
[Round "9.7"]
[White "Yankelevich, Lev"]
[Black "Delorme, Axel"]
[Result "1/2-1/2"]
[WhiteElo "2484"]
[BlackElo "2502"]
[Annotator "ChessBase"]
[PlyCount "32"]
[EventDate "2019.06.23"]
[EventType "swiss"]
[EventCountry "FRA"]
[SourceTitle "playchess.com"]
[Source "ChessBase"]
[SourceQuality "1"]
[TimeControl "5400+30"]

1. d4 {[%emt 0:00:00]} d5 {[%emt 0:00:03]} 2. c4 {[%emt 0:00:22]} c6 {[%emt 0:01:03]} 3. cxd5 {[%emt 0:02:08]} cxd5 {[%emt 0:00:36]} 4. Nc3 {[%emt 0:00:04]} Nf6 {[%emt 0:00:11]} 5. Nf3 {[%emt 0:00:46]} Nc6 {[%emt 0:00:04]} 6. Bf4 {[%emt 0:00:06]} Bf5 {[%emt 0:03:57]} 7. e3 {[%emt 0:00:35]} e6 {[%emt 0:01:31]} 8. Bd3 {[%emt 0:07:50]} Bxd3 {[%emt 0:00:35]} 9. Qxd3 {[%emt 0:00:11]} Bd6 {[%emt 0:00:07]} 10. Bxd6 {[%emt 0:00:40]} Qxd6 {[%emt 0:00:05]} 11. O-O {[%emt 0:00:06]} O-O {[%emt 0:00:42]} 12. Rfc1 {[%emt 0:00:17]} Rfc8 {[%emt 0:01:04]} 13. Nb5 {[%emt 0:01:31]} Qe7 {[%emt 0:02:32]} 14. Nc3 {[%emt 0:01:57]} Qd6 {[%emt 0:04:04]} 15. Nb5 {[%emt 0:00:10]} Qe7 {[%emt 0:00:21]} 16. Nc3 {[%emt 0:00:10]} Qd6 {[%emt 0:04:32]} 1/2-1/2

[Event "6th Porticcio Open 2019"]
[Site "Porticcio"]
[Date "2019.07.06"]
[Round "9.8"]
[White "Kovchan, Alexander"]
[Black "Guichard, Pauline"]
[Result "1-0"]
[WhiteElo "2566"]
[BlackElo "2409"]
[Annotator "ChessBase"]
[PlyCount "55"]
[EventDate "2019.06.23"]
[EventType "swiss"]
[EventCountry "FRA"]
[SourceTitle "playchess.com"]
[Source "ChessBase"]
[SourceQuality "1"]
[TimeControl "5400+30"]

1. e4 {[%emt 0:00:00]} e5 {[%emt 0:00:00]} 2. Nf3 {[%emt 0:00:00]} Nc6 {[%emt 0:00:00]} 3. Bb5 {[%emt 0:00:08]} g6 {[%emt 0:00:50]} 4. c3 {[%emt 0:01:01]} a6 {[%emt 0:01:31]} 5. Bxc6 {[%emt 0:00:34]} dxc6 {[%emt 0:04:31]} 6. d4 {[%emt 0:00:13]} exd4 {[%emt 0:07:21]} 7. cxd4 {[%emt 0:00:08]} Bg4 {[%emt 0:02:53]} 8. Qb3 {[%emt 0:02:22]} Bxf3 {[%emt 0:06:21]} 9. gxf3 {[%emt 0:00:43]} Rb8 {[%emt 0:00:18]} 10. Be3 {[%emt 0:05:40]} Bg7 {[%emt 0:00:53]} 11. Nc3 {[%emt 0:00:28]} Nf6 {[%emt 0:07:35]} 12. O-O-O {[%emt 0:01:14]} O-O {[%emt 0:01:27]} 13. Rhg1 {[%emt 0:01:09]} Re8 {[%emt 0:01:55]} 14. h4 {[%emt 0:23:21]} Qd7 {[%emt 0:08:10]} 15. Rg5 {[%emt 0:02:13]} Qh3 {[%emt 0:03:45]} 16. e5 {[%emt 0:04:49]} Nd5 {[%emt 0:05:53]} 17. Nxd5 {[%emt 0:01:57]} cxd5 {[%emt 0:00:05]} 18. Qxd5 {[%emt 0:00:38]} Qxh4 {[%emt 0:02:32]} 19. Rdg1 {[%emt 0:00:56]} c5 {[%emt 0:04:47]} 20. f4 {[%emt 0:07:38]} Qh3 {[%emt 0:19:59]} 21. dxc5 {[%emt 0:05:04]} Red8 {[%emt 0:01:10]} 22. Qe4 {[%emt 0:03:24]} Qe6 {[%emt 0:00:26]} 23. f5 {[%emt 0:04:41]} Qxa2 {[%emt 0:00:33]} 24. f6 {[%emt 0:00:22]} Bf8 {[%emt 0:01:49]} 25. e6 {[%emt 0:01:30]} fxe6 {[%emt 0:08:30]} 26. Rxg6+ {[%emt 0:00:59]} Kf7 {[%emt 0:00:07]} 27. Rg8 {[%emt 0:02:51]} Ke8 {[%emt 0:02:38]} 28. Bh6 {[%emt 0:03:37]} 1-0